000 00312nam a2200133Ia 4500
005 20251222141942.0
008 251222s9999||||xx |||||||||||||| ||spa||
020 _a968-23-2224-3
082 _a303.44/S29
100 _aSchaffer, Rudolph
245 0 _aDesarrollo Social
264 _bSiglo Veintiuno
942 _cLIB
999 _c9378
_d9378